| 000 | 00478nam a2200181Ia 4500 | ||
|---|---|---|---|
| 005 | 20250326124020.0 | ||
| 008 | 250326s9999 xx 000 0 und d | ||
| 037 | _aTextbook | ||
| 040 |
_aFMSL _beng _cFMSL |
||
| 041 |
_aeng _2eng |
||
| 084 |
_aX L2 _qFMSL |
||
| 100 |
_aRima I H _9736611 |
||
| 245 | 0 |
_aDevelopment of economic analysis _cRima I H |
|
| 260 |
_aUSA _bUSA, Richard D Irwin _c1972 |
||
| 300 | _a488p | ||
| 942 |
_cTB _hX L2 |
||
| 999 |
_c1271901 _d1271901 |
||